拼音以J开头的中国城市 Chinese cities whose pinyin begins with J - Statistics

General Stats
  • This quiz has been taken 129 times
  • The average score is 26 of 44
Answer Stats
七普人口 DWUA 省份 行政类别 城市 % Correct
130 116 吉林 地级市 吉林
98%
588 406 山东 地级市 济南
92%
130 87 山东 地级市 济宁
90%
80 91 浙江 地级市 金华
90%
44 江西 地级市 吉安
89%
99 93 浙江 地级市 嘉兴
89%
167 160 广东 地级市 江门
88%
63 黑龙江 地级市 鸡西
87%
46 92 湖北 地级市 荆州
86%
90 93 江西 地级市 九江
86%
59 湖北 地级市 荆门
84%
67 黑龙江 地级市 佳木斯
83%
31 甘肃 地级市 酒泉
82%
101 75 辽宁 地级市 锦州
81%
60 山西 地级市 晋城
81%
54 100 江西 地级市 景德镇
81%
29 甘肃 地级市 嘉峪关
78%
79 山西 地级市 晋中
78%
24 甘肃 地级市 金昌
77%
95 109 广东 地级市 揭阳
74%
78 99 河南 地级市 焦作
73%
40 河南 县级市 济源
72%
101 福建 县级市 晋江
62%
84 江苏 县级市 江阴
60%
30 湖南 县级市 吉首
52%
7 吉林 县级市 集安
41%
22 浙江 县级市 江山
40%
33 江苏 县级市 靖江
39%
55 山东 县级市 胶州
37%
27 云南 县级市 景洪
37%
暂无数据 湖北 县级市 监利
34%
56 四川 县级市 简阳
34%
15 浙江 县级市 建德
34%
17 湖北 县级市 京山
34%
5 江西 县级市 井冈山
34%
32 江苏 县级市 句容
34%
21 安徽 县级市 界首
32%
16 河北 县级市 晋州
31%
32 四川 县级市 江油
29%
27 山西 县级市 介休
27%
16 福建 县级市 建瓯
25%
13 吉林 县级市 蛟河
25%
12 广西 县级市 靖西
20%
11 湖南 县级市 津市
15%
No matching quizzes found
Score Distribution
Percent of People with Each Score
Percentile by Number Answered
Your Score History
You have not taken this quiz